[Event "HUN-chT 2017-18"]
[Site "Budapest"]
[Date "2018.05.06"]
[Round "9"]
[White "Honos, Attila"]
[Black "Kantor, Gergely"]
[Result "0-1"]
[WhiteElo "2199"]
[BlackElo "2519"]
[Annotator "TA"]
[PlyCount "44"]
[EventDate "2018.??.??"]
[EventType "team-tourn"]
[EventCountry "HUN"]
[SourceTitle "playchess.com"]
[Source "ChessBase"]
[SourceQuality "1"]
[WhiteTeam "Hungary"]
[BlackTeam "Hungary"]
[WhiteTeamCountry "HUN"]
[BlackTeamCountry "HUN"]

{[%evp 14,44,0,0,0,0,0,0,0,0,4,4,16,-55,-40,-56,-56,-88,-68,-249,-246,-244,-241,-403,-311,-307,-311,-308,-317,-29996,-29997,-29997,-29998]} 1. b4 e5 2. Bb2 Bxb4 3. Bxe5 Nf6 4. e3 O-O 5. c4 d5 6. cxd5 {A00: Irregular Openings} Nxd5 7. Nf3 Nc6 8. Bb2 {LiveBook: 8 Games. The position is equal.} Qd6 (8... Bf5 9. Be2 Nb6 10. a3 Ba5 11. O-O Bd3 12. Nd4 Bxe2 13. Qxe2 Nxd4 14. Bxd4 {1-0 (37) Vescovi,G (2578)-Leitao,R (2533) Sao Paulo 2015}) 9. a3 Ba5 $1 10. Be2 Qg6 11. O-O $146 Bh3 {[%csl Gh3][%cal Rg6g2] [#]} (11... Rb8 {is interesting.} 12. Kh1 Re8 13. h3 Qh6 14. Qb3 Be6) 12. Ne1 $1 Rad8 13. Kh1 ({Better is} 13. Bd3 $11 Bf5 14. Bxf5 Qxf5 15. Nf3) 13... Bf5 $36 {[%mdl 2048] Black is pushing.} 14. Qc1 Rfe8 15. Bb5 Qh5 {aiming for ...Rd6.} 16. Nc3 $2 ({White should play} 16. Ba4 $15) 16... Bxc3 $1 $19 17. Bxc3 Re6 18. Nf3 $2 (18. Bxc6 Rxc6 19. f4) 18... Rh6 19. Bxc6 Be4 ({Weaker is} 19... bxc6 20. Be5 $19) (19... Rxc6 20. Ng1 $19) 20. Be5 {Bxd5 is the strong threat.} ({Don't play} 20. Bxd5 Bxf3 21. Bxf7+ Kxf7 $19) 20... Bxf3 ({Less strong is} 20... bxc6 21. Bg3 $17) 21. gxf3 $2 {[#]} (21. Bg3 $19 Rxc6 22. Qb2) 21... Qxe5 {[%csl Gh6][%cal Re5h2]} 22. f4 Qh5 {Precision: White = 46%, Black = 80%.} 0-1

[Event "HUN-chT 2017-18"]
[Site "Budapest"]
[Date "2018.05.06"]
[Round "9"]
[White "Dory, Jeno"]
[Black "Popovics, Adam"]
[Result "1/2-1/2"]
[WhiteElo "2197"]
[BlackElo "2382"]
[Annotator "NA"]
[PlyCount "40"]
[EventDate "2018.??.??"]
[EventType "team-tourn"]
[EventCountry "HUN"]
[SourceTitle "playchess.com"]
[Source "ChessBase"]
[SourceQuality "1"]
[WhiteTeam "Hungary"]
[BlackTeam "Hungary"]
[WhiteTeamCountry "HUN"]
[BlackTeamCountry "HUN"]
[TimeControl "40/5400+30:1800+30"]

1. e4 {[%emt 0:00:05]} g6 {[%emt 0:06:36]} 2. d4 {[%emt 0:00:32]} Bg7 {[%emt 0:00:06]} 3. Nf3 {[%emt 0:02:17]} d6 {[%emt 0:00:15]} 4. Bc4 {[%emt 0:03:18]} e6 {[%emt 0:00:49]} 5. O-O {[%emt 0:00:50]} a6 {[%emt 0:00:11]} 6. Bb3 {[%emt 0:01:40]} Ne7 {[%emt 0:00:40]} 7. Re1 {[%emt 0:03:31]} O-O {[%emt 0:05:31]} 8. Nbd2 {[%emt 0:01:08]} Nd7 {[%emt 0:04:38]} 9. c3 {[%emt 0:00:52]} b5 {[%emt 0:04:27]} 10. a4 {[%emt 0:03:01]} Bb7 {[%emt 0:00:08]} 11. Qe2 {[%emt 0:00:51]} c6 {[%emt 0:00:13]} 12. e5 dxe5 {[%emt 0:10:38]} 13. Nxe5 {[%emt 0:14:06]} Nxe5 {[%emt 0:04:46]} 14. dxe5 {[%emt 0:00:10]} Qc7 {[%emt 0:00:28]} 15. f4 {[%emt 0:13:48]} Rab8 {[%emt 0:16:17]} 16. Ne4 {[%emt 0:02:52]} c5 {[%emt 0:01:43]} 17. axb5 {[%emt 0:02:47]} axb5 {[%emt 0:00:30]} 18. Nd6 {[%emt 0:09:23]} c4 {[%emt 0:00:08]} 19. Nxb7 {[%emt 0:04:03]} Rxb7 {[%emt 0:01:51]} 20. Bc2 {[%emt 0:00:24]} Nd5 {[%emt 0:01:14]} 1/2-1/2

[Event "HUN-chT 2017-18"]
[Site "Budapest"]
[Date "2018.05.06"]
[Round "9"]
[White "Terbe, Zsuzsanna"]
[Black "Markus, Robert"]
[Result "0-1"]
[WhiteElo "2181"]
[BlackElo "2603"]
[Annotator "TA"]
[PlyCount "76"]
[EventDate "2018.??.??"]
[EventType "team-tourn"]
[EventCountry "HUN"]
[SourceTitle "playchess.com"]
[Source "ChessBase"]
[SourceQuality "1"]
[WhiteTeam "Hungary"]
[BlackTeam "Hungary"]
[WhiteTeamCountry "HUN"]
[BlackTeamCountry "HUN"]

{[%evp 33,76,62,63,18,13,0,0,-61,-47,-73,-83,-168,-172,-175,-174,-162,-174,-176,-171,-180,-160,-151,-150,-157,-141,-130,-119,-154,-131,-113,-105,-212,-180,-289,-298,-568,-560,-489,-466,-4997,-4972,-29993,-29994,-29997,-644]} 1. Nf3 Nf6 2. g3 g6 3. Bg2 Bg7 4. d4 O-O 5. c4 d6 6. Nc3 Nbd7 7. O-O e5 8. e4 c6 9. h3 Re8 10. Be3 exd4 11. Nxd4 Nc5 12. Qc2 Qe7 13. Rfe1 a5 14. Rad1 a4 15. b3 axb3 16. axb3 Nfd7 17. b4 Ne6 18. b5 {E69: King's Indian: Fianchetto: 6...Nbd7 7 0-0 e5 8 e4 c6 9 h3} Ne5 19. bxc6 bxc6 20. Nxe6 $146 ({Better is} 20. f4 $11 Nxd4 21. Rxd4) ({Predecessor:} 20. f4 Nxc4 21. Nxc6 Qc7 22. e5 Nxe3 23. Rxe3 dxe5 24. Nd5 Qb7 25. Nde7+ Kh8 26. Nxe5 Qxe7 27. Bxa8 Bxe5 28. fxe5 {½-½ (38) Kljuka,S-Shkuro,I (2254) Alushta 2000}) 20... Bxe6 $15 21. c5 dxc5 {[%cal Bd6c5,Bc5c4][%mdl 32]} 22. Na4 (22. f4 $17 Nc4 23. e5 Nxe3 24. Rxe3) 22... c4 $19 {And now ...Nd3 would win.} 23. Nc5 Ra3 {Threatens to win with ...Rxe3!} 24. Nxe6 Qxe6 ({Much less strong is} 24... fxe6 25. Rb1 $15) 25. Bc5 Rd3 26. f4 Rxd1 ({Weaker is} 26... Rxg3 27. fxe5 Qxh3 28. Re3 $11) 27. Rxd1 Nd3 28. Be3 {[#]} Rb8 $1 {[%cal Rb8b2] White must now prevent ...Rb2.} 29. Rb1 Bb2 30. e5 Rb3 31. Kh2 Kg7 32. Qd1 (32. Bf1 $17 {was necessary.}) 32... h5 {[%cal Bh7h5,Bh5h4][%mdl 32]} 33. Be4 {[#]} (33. h4 $142) 33... h4 $1 {[%mdl 512]} 34. g4 $2 {[#]} (34. Qg4 Qxg4 35. hxg4) (34. gxh4 Nxf4) 34... g5 $1 {[%mdl 512]} 35. Bf5 (35. fxg5 Qxe5+) 35... Qd5 36. Qc2 (36. Qh1 $142 gxf4 37. Qxd5 cxd5 38. Bd4) 36... gxf4 37. Bxf4 Nxf4 38. Rxb2 Rxh3+ {Precision: White = 21%, Black = 88%.} 0-1

[Event "HUN-chT 2017-18"]
[Site "Budapest"]
[Date "2018.05.06"]
[Round "9"]
[White "Fodor, Balazs"]
[Black "Medvegy, Zoltan"]
[Result "0-1"]
[WhiteElo "2149"]
[BlackElo "2539"]
[Annotator "TA"]
[PlyCount "72"]
[EventDate "2018.??.??"]
[EventType "team-tourn"]
[EventCountry "HUN"]
[SourceTitle "playchess.com"]
[Source "ChessBase"]
[SourceQuality "1"]
[WhiteTeam "Hungary"]
[BlackTeam "Hungary"]
[WhiteTeamCountry "HUN"]
[BlackTeamCountry "HUN"]

{[%evp 15,72,-6,-12,-12,-4,-14,0,-18,-25,-12,-22,-27,-21,-44,-19,-19,-10,-43,-36,-59,-31,-22,-12,-32,-38,-156,-133,-153,-123,-127,-106,-282,-163,-177,-168,-157,-147,-196,-180,-251,-229,-293,-241,-293,-297,-300,-289,-308,-252,-323,-220,-552,-464,-575,-560,-548,-551,-585,-522]} 1. d4 Nf6 2. c4 e6 3. Nf3 b6 4. a3 Bb7 5. Nc3 Ne4 6. Qc2 Nxc3 {E12: Queen's Indian: Unusual White 4th moves, 4 a3, 4 Nc3 Bb7 5 a3 and 4 Nc3 Bb7} 7. Qxc3 Be7 8. e3 O-O {LiveBook: 3 Games. The position is equal.} 9. Be2 c5 10. O-O cxd4 $146 ({Predecessor:} 10... Bf6 11. b4 d5 12. bxc5 bxc5 13. Rb1 Ba6 14. Ne5 {0-1 (37) Abdyjapar,A (2382)-Harikrishna,P (2744) Riadh 2017}) 11. exd4 d5 12. Bf4 dxc4 13. Qxc4 Bd5 14. Qa4 a6 15. Rac1 b5 $36 {[%mdl 2048] Black has some pressure.} 16. Qc2 Nc6 17. Qd2 Qb6 18. Ne5 Qb7 19. Qe3 Rac8 20. Qg3 ({White should try} 20. Nxc6 $15 Bxc6 21. f3) 20... Nxd4 $17 21. Bg4 Bf6 22. Rcd1 Nf5 23. Qh3 $2 {[#]} (23. Bxf5 $17 {was the only defense.} exf5 24. Rd2) 23... Ne7 (23... Nh4 $142 24. Nf3 Nxf3+ 25. Bxf3 Bxf3 26. Qxf3 Qxf3 27. gxf3 Bxb2) 24. Rfe1 Ng6 25. Nxg6 hxg6 26. Rd2 Rc4 27. Bd6 (27. Qg3 {is a better defense.}) 27... Rd8 28. Bg3 Rdc8 29. Bd1 Bg5 30. Rde2 Rc1 31. Qg4 Bf6 32. Bf4 R1c4 33. Bb3 $2 {[#]} (33. Qg3 {is more resistant.}) 33... Rxf4 $1 {[%mdl 512] Black is clearly winning.} 34. Bxd5 (34. Qxf4 Bxb3) 34... Qb8 ({Weaker is} 34... Rxg4 35. Bxb7 Rb8 36. Be4 $17) 35. Bxe6 Rxg4 36. Bxc8 Qxc8 {Precision: White = 23%, Black = 56%.} 0-1

[Event "HUN-chT 2017-18"]
[Site "Budapest"]
[Date "2018.05.06"]
[Round "9"]
[White "Suranyi, Pal"]
[Black "Gara, Ticia"]
[Result "1/2-1/2"]
[WhiteElo "2117"]
[BlackElo "2369"]
[Annotator "NA"]
[PlyCount "82"]
[EventDate "2018.??.??"]
[EventType "team-tourn"]
[EventCountry "HUN"]
[SourceTitle "playchess.com"]
[Source "ChessBase"]
[SourceQuality "1"]
[WhiteTeam "Hungary"]
[BlackTeam "Hungary"]
[WhiteTeamCountry "HUN"]
[BlackTeamCountry "HUN"]
[TimeControl "40/5400+30:1800+30"]

1. d4 {[%emt 0:00:04]} Nf6 {[%emt 0:00:38]} 2. Nf3 {[%emt 0:00:07]} g6 {[%emt 0:00:40]} 3. c4 {[%emt 0:00:21]} Bg7 {[%emt 0:00:41]} 4. Nc3 {[%emt 0:01:44]} d5 {[%emt 0:00:39]} 5. cxd5 {[%emt 0:01:57]} Nxd5 {[%emt 0:00:09]} 6. Bd2 {[%emt 0:06:00]} O-O {[%emt 0:03:53]} 7. e3 {[%emt 0:13:20]} c5 {[%emt 0:03:48] LiveBook: 12 Games} 8. Rc1 {[%emt 0:04:32]} cxd4 {[%emt 0:04:52]} 9. Nxd4 $15 {[%emt 0:14:13]} Nb6 {[%emt 0:06:01]} 10. Be2 {[%emt 0:07:15]} Na6 {[%emt 0:06:52]} 11. Ncb5 {[%emt 0:04:51]} e5 {[%emt 0:06:11]} 12. Nb3 {[%emt 0:02:20]} Na4 {[%emt 0:04:28]} 13. e4 {[%emt 0:03:25]} Nxb2 {[%emt 0:08:30]} 14. Qc2 {[%emt 0:00:07]} Na4 {[%emt 0:00:20]} 15. Be3 {[%emt 0:09:05]} Be6 {[%emt 0:14:17]} 16. O-O {[%emt 0:00:40]} Rc8 {[%emt 0:13:35]} 17. Qb1 {[%emt 0:00:13]} Qh4 {[%emt 0:04:50]} 18. g3 {[%emt 0:07:09]} Qe7 {[%emt 0:02:06]} 19. Rxc8 {[%emt 0:04:06]} Rxc8 {[%emt 0:03:44]} 20. Nxa7 {[%emt 0:02:27]} Nc3 {[%emt 0:07:43]} 21. Nxc8 {[%emt 0:03:04]} Nxe2+ {[%emt 0:00:03]} 22. Kg2 {[%emt 0:00:25]} Qd7 {[%emt 0:01:17]} 23. Nb6 {[%emt 0:07:28]} Bh3+ {[%emt 0:00:57]} 24. Kh1 {[%emt 0:00:07]} Qe6 {[%emt 0:03:14]} 25. Rd1 {[%emt 0:04:39]} Qf6 {[%emt 0:00:14]} 26. Nd2 {[%emt 0:00:04]} Bg4 {[%emt 0:01:23]} 27. h3 {[%emt 0:01:46]} Bxh3 {[%emt 0:01:47]} 28. Qb5 {[%emt 0:00:17]} Nd4 {[%emt 0:00:52]} 29. Qe8+ {[%emt 0:00:24]} Bf8 {[%emt 0:00:02]} 30. Bh6 {[%emt 0:01:27]} Ne6 {[%emt 0:00:57]} 31. Nd5 {[%emt 0:00:32]} Qxf2 {[%emt 0:00:22]} 32. Rg1 {[%emt 0:01:02]} Bg4 {[%emt 0:00:47]} 33. Ne7+ {[%emt 0:00:40]} Kh8 {[%emt 0:00:03]} 34. Bxf8 {[%emt 0:00:34]} Bf3+ {[%emt 0:00:26]} 35. Nxf3 {[%emt 0:00:05]} Qxf3+ {[%emt 0:00:02]} 36. Rg2 {[%emt 0:00:47]} Qd1+ {[%emt 0:00:33]} 37. Kh2 {[%emt 0:00:11]} Qh5+ {[%emt 0:00:03]} 38. Kg1 {[%emt 0:00:09]} Qd1+ {[%emt 0:00:02]} 39. Kh2 {[%emt 0:00:08]} Qh5+ {[%emt 0:00:03]} 40. Kg1 {[%emt 0:00:00]} Qd1+ {[%emt 0:00:06]} 41. Kh2 {[%emt 0:00:33]} Qh5+ {[%emt 0:00:06]} 1/2-1/2

[Event "HUN-chT 2017-18"]
[Site "Budapest"]
[Date "2018.05.06"]
[Round "9"]
[White "Reskone dr, Timko Melinda"]
[Black "Kokeny, Norbert Adrian"]
[Result "1-0"]
[WhiteElo "2024"]
[BlackElo "2284"]
[Annotator "NA"]
[PlyCount "89"]
[EventDate "2018.??.??"]
[EventType "team-tourn"]
[EventCountry "HUN"]
[SourceTitle "playchess.com"]
[Source "ChessBase"]
[SourceQuality "1"]
[WhiteTeam "Hungary"]
[BlackTeam "Hungary"]
[WhiteTeamCountry "HUN"]
[BlackTeamCountry "HUN"]
[TimeControl "40/5400+30:1800+30"]

1. c4 {[%emt 0:00:07]} c5 {[%emt 0:00:35]} 2. Nf3 {[%emt 0:00:15]} Nc6 {[%emt 0:00:05]} 3. g3 {[%emt 0:00:14]} g6 {[%emt 0:00:04]} 4. Bg2 {[%emt 0:01:10]} Bg7 {[%emt 0:00:40]} 5. d3 {[%emt 0:02:09]} e5 {[%emt 0:01:46]} 6. O-O {[%emt 0:01:35]} Nge7 {[%emt 0:01:45]} 7. Nc3 {[%emt 0:01:42]} a6 {[%emt 0:03:27]} 8. a3 {[%emt 0:02:47]} Rb8 {[%emt 0:01:05]} 9. Qa4 {[%emt 0:05:49]} d6 {[%emt 0:01:58]} 10. Rb1 {[%emt 0:03:52]} Bd7 {[%emt 0:06:25]} 11. Qc2 {[%emt 0:11:48]} b5 {[%emt 0:01:08]} 12. Ne4 $15 {[%emt 0:10:18]} Qc7 {[%emt 0:04:07]} 13. cxb5 {[%emt 0:09:28]} axb5 {[%emt 0:00:33]} 14. Bg5 {[%emt 0:00:26]} Ng8 {[%emt 0:03:46]} 15. b4 {[%emt 0:03:57]} cxb4 {[%emt 0:03:36]} 16. axb4 {[%emt 0:07:34]} h6 {[%emt 0:01:57]} 17. Be3 {[%emt 0:01:44]} Nge7 {[%emt 0:01:43]} 18. Ra1 {[%emt 0:03:23]} Rc8 {[%emt 0:01:14]} 19. Rfc1 {[%emt 0:03:53]} Qb8 {[%emt 0:02:32]} 20. Qb1 {[%emt 0:15:41]} f5 {[%emt 0:09:48]} 21. Nc3 {[%emt 0:01:05]} Be6 {[%emt 0:00:47]} 22. Ra6 {[%emt 0:01:36]} Nd4 {[%emt 0:09:41]} 23. Bxd4 {[%emt 0:06:28]} exd4 {[%emt 0:00:23]} 24. Na2 {[%emt 0:01:28]} O-O {[%emt 0:02:08]} 25. Rc2 {[%emt 0:00:36]} Nd5 {[%emt 0:03:37]} 26. Rcc6 {[%emt 0:01:29]} Rxc6 {[%emt 0:03:18]} 27. Rxc6 {[%emt 0:00:04]} Rc8 {[%emt 0:01:58]} 28. Qc2 {[%emt 0:01:45]} Rxc6 {[%emt 0:10:53]} 29. Qxc6 {[%emt 0:00:06]} Ne7 {[%emt 0:00:09]} 30. Qa6 {[%emt 0:01:10]} Qc7 {[%emt 0:00:37]} 31. Ne1 {[%emt 0:00:44]} Kh7 {[%emt 0:01:09]} 32. Kf1 {[%emt 0:00:50]} Nc8 {[%emt 0:00:53]} 33. Qb7 {[%emt 0:00:35]} Qd8 {[%emt 0:21:53]} 34. Nc1 {[%emt 0:00:18]} Bd7 {[%emt 0:01:11]} 35. Nc2 {[%emt 0:00:31]} Nb6 {[%emt 0:00:33]} 36. Nb3 {[%emt 0:00:12]} Bc8 {[%emt 0:00:15]} 37. Qc6 {[%emt 0:00:15]} Bd7 {[%emt 0:00:42]} 38. Qxd6 {[%emt 0:00:11]} Qg8 {[%emt 0:00:21]} 39. Ncxd4 {[%emt 0:00:50]} Bxd4 {[%emt 0:00:19]} 40. Nxd4 {[%emt 0:00:00]} Qa2 {[%emt 0:00:14]} 41. Bf3 {[%emt 0:02:07]} Qa7 {[%emt 0:00:21]} 42. Qe7+ {[%emt 0:00:21]} Kh8 {[%emt 0:00:27]} 43. Qf8+ {[%emt 0:01:32]} Kh7 {[%emt 0:00:08]} 44. Qf7+ {[%emt 0:00:06]} Kh8 {[%emt 0:00:06]} 45. Kg2 {[%emt 0:00:41]} 1-0